| 000 | 00452nam a2200145Ia 4500 | ||
|---|---|---|---|
| 008 | 180321s1999 xx 000 0 und d | ||
| 082 | _a342.0878 LIB | ||
| 245 | _aDocumentation on women, children and human rights (Jan-Mar 1999) | ||
| 260 |
_aNew Delhi _bLibrary and Documentation Centre _c1999 |
||
| 300 | _a152 | ||
| 650 | _aChildren - Gender justice | ||
| 650 | _aLaw - legal rights | ||
| 650 | _aWoman soldier | ||
| 906 | _aReceived on 10.01.2018 | ||
| 999 |
_c110876 _d110876 |
||